| 000 | 00346 a2200157 4500 | ||
|---|---|---|---|
| 001 | 177284 | ||
| 020 | _a | ||
| 040 | _cMagnum | ||
| 100 | _aAraujo, Elza Beatriz Von Dollinger de | ||
| 240 | 1 | 0 |
_aA menina dos olhos _lpor |
| 245 | 1 | 0 | _aA menina dos olhos |
| 362 | 0 | _a1899 | |
| 440 | 1 | _aMiguilim | |
| 697 | _aMAGNITO: IJ/POESIA | ||
| 942 | _cBK | ||
| 999 |
_c177284 _d177284 |
||